00697nam a2200169 a 450000100060000000300090000600800410001504000280005608200140008410000180009824500550011626000420017130000150021350502570022865000200048565000220050514665CO-ViMGA141112s2004 ck r 000 u spa d aCO-ViMGAbspacCO-ViMGA04a612 D444b1 aDihigo, Mario10aBiologia Humana : banatomia, fisiologia e higiene aEspaña, cEd. Escuela Nueva, c1971 a403 p. il. aAlimentos y vitaminas Aparato Digestivo : higiene y enfermedades Sistema linfatico Sangre : composicion Aparato respiratorio : enfermedades Excrecion y secrecion Fisiologia del sistema nervioso Aparato reproductor Higiene general y enfermedades Vacunas14aANATOMIA HUMANA14aFISIOLOGIA HUMANA